=LDR 00000nam 2200000 4500 =001 INLIS000000000027492 =005 20130612125850 =008 ***********************************Ind** =035 ##$$0010-061300000027492 =041 ##$$a Ind =082 ##$$a 392.4 =090 ##$$a 392.4, Ken k =245 ##$$a Kenalilah cinta, Penyunting,Nanik prihartanti =260 ##$$a 2004 $b Yogyakarta =300 ##$$a xvii,72 hlm, ilus, 20 cm =650 ##$$a Cinta =700 ##$$a Prihartanti,Nanik =850 ##$$a NBPNMAT